| 000 | 00555cas a22001815a 4500 | ||
|---|---|---|---|
| 001 | L130997 | ||
| 008 | 050920d xxkqr p 0 a0eng u | ||
| 035 | _a(Sirsi) u130997 | ||
| 041 | 0 | _aeng | |
| 110 | 2 |
_aAssociation of Rural District Council Surveyors _95286 |
|
| 245 | 0 | 0 | _aRural Surveyor |
| 260 |
_aS.l. _bAssociation of Rural District Council Surveyirs _c[195-?]- |
||
| 362 | _a(46) Spring 1962-1970 | ||
| 554 | _aFour per year | ||
| 651 | 4 |
_aEngland and Wales _y1543- |
|
| 690 | _aMANAGEMENT-BUSINESS MANAGEMENT-PROFESSIONAL PRACTICE | ||
| 942 | _n0 | ||
| 999 |
_c118836 _d118836 |
||